[Event "BL 1213 SV Mülheim Nord - SG Turm Trier"]
[Site "?"]
[Date "2012.12.09"]
[Round "6.5"]
[White "Bobras, Piotr"]
[Black "Fridman, Daniel"]
[Result "1/2-1/2"]
[WhiteElo "2560"]
[BlackElo "2670"]
[PlyCount "44"]
[EventDate "2012.??.??"]

1. e4 e5 2. Nf3 Nf6 3. Nxe5 d6 4. Nf3 Nxe4 5. Nc3 Nxc3 6. dxc3 Be7 7. Be3 Nc6
8. Qd2 Be6 9. O-O-O Qd7 10. Kb1 Bf6 11. Bg5 Bxg5 12. Nxg5 O-O-O 13. Bb5 a6 14.
Bxc6 Qxc6 15. Nxe6 fxe6 16. f3 e5 17. Rhe1 Rdf8 18. Re4 Rf6 19. b3 Kb8 20. c4
Rhf8 21. Qe3 b6 22. Rd5 Kb7 1/2-1/2

[Event "BL 1213 SV Mülheim Nord - SG Turm Trier"]
[Site "?"]
[Date "2012.12.09"]
[Round "6.6"]
[White "Potkin, Vladimir"]
[Black "Gonda, Laszlo"]
[Result "1-0"]
[WhiteElo "2663"]
[BlackElo "2528"]
[PlyCount "167"]
[EventDate "2012.??.??"]

1. d4 d5 2. c4 c6 3. Nc3 Nf6 4. e3 g6 5. Nf3 Bg7 6. Be2 O-O 7. O-O Be6 8. Ng5
Bf5 9. cxd5 cxd5 10. Qb3 Qd7 11. Bd2 Nc6 12. Na4 b6 13. Rfc1 Qd6 14. Ba6 Bc8
15. Bb5 Bb7 16. Rc2 Rfc8 17. Rac1 e6 18. a3 Ne7 19. Nc3 Nf5 20. Be2 Qd8 21. Nb5
Ne8 22. Nf3 Rxc2 23. Rxc2 Nfd6 24. Ne5 Nxb5 25. Qxb5 Rc8 26. Rxc8 Qxc8 27. Qa4
a6 28. h3 Nd6 29. Qd7 Bxe5 30. Qxc8+ Bxc8 31. dxe5 Ne4 32. Be1 f6 33. f3 Nc5
34. exf6 Kf7 35. Bc3 Nd7 36. Kf2 Nxf6 37. g4 Nd7 38. Kg3 e5 39. f4 exf4+ 40.
Kxf4 h6 41. h4 Bb7 42. Bd4 b5 43. Bd3 Bc6 44. b4 Bb7 45. g5 h5 46. Bb1 Bc6 47.
Bc2 Bb7 48. a4 bxa4 49. Bxa4 Ke6 50. Bc2 Kf7 51. Bd3 Nb8 52. Bc3 Nc6 53. Be1
Bc8 54. e4 dxe4 55. Bxe4 Bd7 56. Bd5+ Ke7 57. Bc4 Bc8 58. Bf2 Bb7 59. Bc5+ Ke8
60. Bb3 Ba8 61. Bc2 Kf7 62. Be4 Bb7 63. Bd5+ Ke8 64. Ke3 Ba8 65. Kd2 Bb7 66.
Kc3 Ba8 67. Bf2 Bb7 68. Bg3 Nd8 69. Bc4 Nc6 70. Bd3 Ne7 71. Kc4 Nf5 72. Bf2
Nd6+ 73. Kc5 Ne4+ 74. Kb6 Bd5 75. Bd4 Kd7 76. Kxa6 Kc7 77. Be5+ Kd7 78. Bd4 Kc7
79. b5 Bb7+ 80. Ka7 Kc8 81. Be5 Bd5 82. Bf4 Nc3 83. b6 Bb7 84. Ba6 1-0

[Event "BL 1213 SV Mülheim Nord - SG Turm Trier"]
[Site "?"]
[Date "2012.12.09"]
[Round "6.7"]
[White "Cioara, Andrei Nestor"]
[Black "Landa, Konstantin"]
[Result "0-1"]
[WhiteElo "2483"]
[BlackElo "2641"]
[PlyCount "80"]
[EventDate "2012.??.??"]

1. d4 Nf6 2. c4 e6 3. g3 d5 4. Nf3 dxc4 5. Bg2 Bb4+ 6. Bd2 a5 7. Qc2 Bxd2+ 8.
Qxd2 c6 9. a4 Ne4 10. Qf4 Nd6 11. Na3 Na6 12. Ne5 O-O 13. O-O Nb4 14. Naxc4
Nxc4 15. Nxc4 b6 16. Rfd1 Ba6 17. Rac1 Rb8 18. b3 Qe7 19. Rd2 f6 20. Bh3 Rfe8
21. e4 Bxc4 22. Rxc4 e5 23. Qe3 Rbd8 24. Rc1 exd4 25. Rxd4 c5 26. Rxd8 Rxd8 27.
Bf1 Qe5 28. Bc4+ Kf8 29. f4 Qb2 30. Rf1 Nc2 31. Qf3 Qd4+ 32. Kh1 Ne3 33. Rc1
Qd2 34. Rg1 Nxc4 35. bxc4 Rd3 36. Qg4 Qe3 37. Qc8+ Ke7 38. h4 Qxe4+ 39. Kh2
Rd2+ 40. Kh3 h5 0-1

[Event "BL 1213 SV Mülheim Nord - SG Turm Trier"]
[Site "?"]
[Date "2012.12.09"]
[Round "6.8"]
[White "Hausrath, Daniel"]
[Black "Seger, Ruediger"]
[Result "1-0"]
[WhiteElo "2484"]
[BlackElo "2390"]
[PlyCount "83"]
[EventDate "2012.??.??"]

1. Nf3 Nf6 2. c4 g6 3. Nc3 c5 4. d4 cxd4 5. Nxd4 Bg7 6. e4 d6 7. Be2 O-O 8. O-O
Nc6 9. Be3 Bd7 10. Qd2 Nxd4 11. Bxd4 Bc6 12. f3 a5 13. b3 Nd7 14. Be3 Nc5 15.
Rab1 Qb6 16. Rfc1 Rfc8 17. Rc2 Qd8 18. a3 b6 19. Bf1 h5 20. Kh1 Kh7 21. Nd5 Nd7
22. Rcc1 Ra7 23. Qf2 Bh6 24. f4 Rb8 25. Bd3 e5 26. f5 Bxd5 27. exd5 Qf6 28.
fxg6+ fxg6 29. Qd2 Bxe3 30. Qxe3 e4 31. Bxe4 Re8 32. Rf1 Qe7 33. Rbe1 Ne5 34.
Qxb6 Rb7 35. Qe3 Qg7 36. c5 dxc5 37. d6 Rf7 38. Rxf7 Qxf7 39. Bc6 Rf8 40. Bb5
Ng4 41. Qe7 Kh6 42. Qxf7 1-0

[Event "BL 1213 SF Katernberg - OSG Baden Baden"]
[Site "?"]
[Date "2012.12.09"]
[Round "6.4"]
[White "Siebrecht, Sebastian"]
[Black "Vallejo Pons, Francisco"]
[Result "0-1"]
[WhiteElo "2479"]
[BlackElo "2700"]
[PlyCount "102"]
[EventDate "2012.??.??"]

1. d4 Nf6 2. Nf3 e6 3. c4 b6 4. g3 Bb7 5. Bg2 c5 6. d5 exd5 7. Nh4 g6 8. Nc3
Bg7 9. cxd5 O-O 10. O-O d6 11. Re1 Na6 12. e4 Nc7 13. a4 a6 14. Qb3 Rb8 15. Bg5
h6 16. Bd2 b5 17. Rad1 Nd7 18. Nf3 c4 19. Qc2 Nc5 20. Bf1 Bc8 21. axb5 axb5 22.
Na2 Bg4 23. Re3 f5 24. h3 Bxf3 25. Rxf3 fxe4 26. Rxf8+ Qxf8 27. Nb4 Re8 28. Be3
Qf7 29. Qd2 Nd3 30. Nxd3 exd3 31. Bxh6 Nxd5 32. Bxg7 Kxg7 33. b3 Nf6 34. bxc4
bxc4 35. Qb2 Kh7 36. Qd4 d5 37. Ra1 Re4 38. Qc5 Re7 39. Qd4 Ne4 40. Ra6 d2 41.
Be2 Qg7 42. Qxd5 Nc3 43. Qxd2 Nxe2+ 44. Kg2 Qe5 45. Qd8 Nd4 46. h4 Rf7 47. f4
Qe2+ 48. Kh3 Qf1+ 49. Kg4 Rxf4+ 50. Kg5 Rg4+ 51. Kxg4 Qf5# 0-1

[Event "BL 1213 SF Katernberg - OSG Baden Baden"]
[Site "?"]
[Date "2012.12.09"]
[Round "6.5"]
[White "Nielsen, Peter-Heine"]
[Black "Zaragatski, Ilja"]
[Result "1-0"]
[WhiteElo "2662"]
[BlackElo "2460"]
[PlyCount "87"]
[EventDate "2012.??.??"]

1. d4 Nf6 2. c4 c5 3. d5 b5 4. cxb5 a6 5. bxa6 g6 6. Nc3 Bxa6 7. e4 Bxf1 8.
Kxf1 d6 9. Nf3 Bg7 10. g3 Nbd7 11. Kg2 O-O 12. a4 Ne8 13. h4 h5 14. Bg5 Nc7 15.
Qd2 Ne5 16. Nxe5 Bxe5 17. Bf4 Bh8 18. Rhe1 Rb8 19. e5 Rb4 20. Kg1 Qd7 21. Qe2
Rd8 22. a5 dxe5 23. Bxe5 Nxd5 24. Nxd5 Qxd5 25. Rad1 Qa8 26. Bxh8 Rxd1 27. Rxd1
Kxh8 28. Qxe7 Rd4 29. Rxd4 cxd4 30. Qxf7 Qxa5 31. Qf6+ Kh7 32. Qxd4 Qe1+ 33.
Kh2 Qa1 34. Qd7+ Kg8 35. b4 Qb2 36. Qc8+ Kh7 37. Qc5 Qe2 38. b5 Qe4 39. b6 Qf3
40. Qc7+ Kg8 41. Qf4 Qb7 42. Qd6 Qe4 43. Qd8+ Kh7 44. Qc7+ 1-0

[Event "BL 1213 SF Katernberg - OSG Baden Baden"]
[Site "?"]
[Date "2012.12.09"]
[Round "6.6"]
[White "Kotainy, Jens"]
[Black "Nisipeanu, Liviu-Dieter"]
[Result "1/2-1/2"]
[WhiteElo "2413"]
[BlackElo "2661"]
[PlyCount "132"]
[EventDate "2012.??.??"]

1. e4 c5 2. c3 d5 3. exd5 Qxd5 4. d4 Nc6 5. Nf3 Bf5 6. Be3 Nf6 7. Na3 cxd4 8.
Nb5 Rc8 9. Nbxd4 Nxd4 10. Bxd4 a6 11. Be2 e6 12. O-O Bc5 13. Qa4+ Qd7 14. Qxd7+
Kxd7 15. Be5 Ke7 16. Rad1 Rhd8 17. Nd4 Be4 18. Rfe1 Bd5 19. a4 Bd6 20. Nf3 Bxe5
21. Nxe5 Bb3 22. Rxd8 Rxd8 23. Bxa6 bxa6 24. Nc6+ Ke8 25. Nxd8 Kxd8 26. f3 Kc7
27. a5 Kc6 28. Kf2 Kb5 29. Re5+ Nd5 30. f4 Kxa5 31. f5 exf5 32. Rxf5 f6 33. Rf3
Bc4 34. Rh3 h6 35. Rg3 g5 36. Rh3 Ka4 37. Rxh6 Kb3 38. h4 gxh4 39. Rxh4 a5 40.
Ke1 Nb6 41. Rh8 Nd7 42. Ra8 a4 43. Kd2 Bb5 44. Ra5 Bc6 45. Ra6 Bxg2 46. Rd6 Nc5
47. Ke3 f5 48. Rb6+ Kc2 49. Rb5 Nd3 50. Rxf5 Bc6 51. Kd4 Nxb2 52. Ra5 Kb3 53.
Ra6 Bg2 54. Rb6+ Kc2 55. Ra6 Bb7 56. Ra7 Bf3 57. Ra6 Kb3 58. Rb6+ Ka2 59. c4 a3
60. c5 Kb1 61. Kc3 Bd5 62. c6 Bxc6 63. Rxc6 a2 64. Ra6 Na4+ 65. Rxa4 a1=Q+ 66.
Rxa1+ Kxa1 1/2-1/2

[Event "BL 1213 SF Katernberg - OSG Baden Baden"]
[Site "?"]
[Date "2012.12.09"]
[Round "6.7"]
[White "Gustafsson, Jan"]
[Black "Hoolt, Sarah"]
[Result "1/2-1/2"]
[WhiteElo "2622"]
[BlackElo "2308"]
[PlyCount "106"]
[EventDate "2012.??.??"]

1. Nf3 Nf6 2. c4 c5 3. Nc3 b6 4. d4 cxd4 5. Nxd4 Bb7 6. f3 d6 7. e4 Nbd7 8. Be2
Rc8 9. O-O a6 10. Be3 e6 11. a4 Be7 12. a5 O-O 13. Nb3 Nc5 14. axb6 Qxb6 15.
Ra3 Rfd8 16. Qb1 Ba8 17. Qa2 Rb8 18. Rb1 Bb7 19. Na5 Qb4 20. Qa1 Ba8 21. Na2
Qxa5 22. Rxa5 Nb3 23. Nc1 Nxa1 24. Raxa1 d5 25. cxd5 exd5 26. e5 Nd7 27. Nd3
Bc6 28. Rxa6 Bb5 29. Ra7 Bxd3 30. Bxd3 Rb3 31. Rd1 Nxe5 32. Rxe7 Nxd3 33. Bd4
Nf4 34. Re3 Rxe3 35. Bxe3 Ne6 36. b4 d4 37. Bf2 Rd5 38. Kf1 Kf8 39. Ra1 Nf4 40.
Bg3 Ne6 41. Ke2 Ke7 42. Kd3 g5 43. Kc4 Rd8 44. b5 Rc8+ 45. Kb4 Rc2 46. b6 Rb2+
47. Ka5 Nc5 48. Rd1 d3 49. Be5 Nb7+ 50. Ka6 Nc5+ 51. Ka5 Nb7+ 52. Ka6 Nc5+ 53.
Ka5 Nb7+ 1/2-1/2

[Event "BL 1213 SF Katernberg - OSG Baden Baden"]
[Site "?"]
[Date "2012.12.09"]
[Round "6.8"]
[White "Imcke, Patrick"]
[Black "Schlosser, Philipp"]
[Result "0-1"]
[WhiteElo "1909"]
[BlackElo "2579"]
[PlyCount "62"]
[EventDate "2012.??.??"]

1. e4 c5 2. Nf3 e6 3. Nc3 a6 4. d4 cxd4 5. Nxd4 b5 6. g3 Bb7 7. Bg2 b4 8. Na4
Nf6 9. Qe2 Qa5 10. b3 Nc6 11. Bb2 Nxd4 12. Bxd4 e5 13. Bb2 Bc6 14. f4 d6 15.
Qe3 Bxa4 16. bxa4 Be7 17. O-O O-O 18. h3 Rac8 19. Qb3 Nd7 20. Rad1 Nb6 21. fxe5
dxe5 22. Rf5 Nc4 23. Bc1 Qc7 24. Kh1 Na5 25. Qb2 f6 26. Rd5 Kh8 27. Rf1 Nc4 28.
Qb3 Nb6 29. Rd2 a5 30. Rfd1 Qc6 31. Kh2 Nxa4 0-1

[Event "BL 1213 Hamburger SK - Werder Bremen"]
[Site "?"]
[Date "2012.12.09"]
[Round "6.1"]
[White "Fressinet, Laurent"]
[Black "Zherebukh, Yaroslaw"]
[Result "1/2-1/2"]
[WhiteElo "2702"]
[BlackElo "2628"]
[PlyCount "91"]
[EventDate "2012.??.??"]

1. d4 d5 2. c4 e6 3. Nf3 Nf6 4. Nc3 Be7 5. Bg5 O-O 6. e3 h6 7. Bxf6 Bxf6 8. Rc1
c6 9. Bd3 Nd7 10. O-O dxc4 11. Bxc4 e5 12. Ne4 exd4 13. Nxd4 Be7 14. Bb3 Nf6
15. Ng3 Qa5 16. Qc2 Qe5 17. Ndf5 Bxf5 18. Nxf5 Ne4 19. Nd4 Nd6 20. Rfd1 Rad8
21. Rd3 Bf6 22. Rcd1 Qe7 23. Ne2 Nc8 24. Ng3 Rxd3 25. Rxd3 Rd8 26. Nf5 Qc7 27.
Rxd8+ Bxd8 28. Qe4 Ne7 29. Nd4 Qd6 30. g3 g6 31. Qf3 Nd5 32. Nb5 cxb5 33. Bxd5
Bf6 34. e4 Kg7 35. Kg2 Qe7 36. b3 b6 37. Qd3 b4 38. Qb5 Bd4 39. f4 g5 40. Qc4
Bc3 41. Qf1 Qf6 42. Qf3 gxf4 43. gxf4 Bd2 44. Qg4+ Kf8 45. Qc8+ Kg7 46. Qg4+
1/2-1/2

[Event "BL 1213 Hamburger SK - Werder Bremen"]
[Site "?"]
[Date "2012.12.09"]
[Round "6.2"]
[White "Kempinski, Robert"]
[Black "Areshchenko, Alexander"]
[Result "0-1"]
[WhiteElo "2602"]
[BlackElo "2710"]
[PlyCount "82"]
[EventDate "2012.??.??"]

1. d4 Nf6 2. c4 g6 3. g3 Bg7 4. Bg2 d5 5. cxd5 Nxd5 6. e4 Nb6 7. Ne2 c5 8. d5
O-O 9. O-O e6 10. Nec3 Na6 11. a4 exd5 12. exd5 Nc4 13. Nd2 Ne5 14. Nde4 Bg4
15. f3 Bd7 16. Kh1 c4 17. Bg5 f6 18. Be3 f5 19. Nf2 Re8 20. f4 Nf7 21. Bd4 Bxd4
22. Qxd4 Nd6 23. Rab1 Qb6 24. Qf6 Rf8 25. Qh4 Qd8 26. Qh3 Re8 27. g4 Nc5 28.
Nb5 Bxb5 29. axb5 Qf6 30. gxf5 gxf5 31. Qh5 Re3 32. Nh3 Rae8 33. Ng5 R8e7 34.
b6 axb6 35. Ra1 h6 36. Ra8+ Re8 37. Rxe8+ Rxe8 38. Nf3 Nd3 39. Nh4 Re3 40. h3
Kh7 41. Kh2 b5 0-1

[Event "BL 1213 Hamburger SK - Werder Bremen"]
[Site "?"]
[Date "2012.12.09"]
[Round "6.3"]
[White "Hracek, Zbynek"]
[Black "Ernst, Sipke"]
[Result "0-1"]
[WhiteElo "2612"]
[BlackElo "2554"]
[PlyCount "82"]
[EventDate "2012.??.??"]

1. e4 e5 2. Nf3 Nc6 3. Bb5 a6 4. Ba4 Nf6 5. O-O Be7 6. Re1 b5 7. Bb3 d6 8. c3
O-O 9. h3 Na5 10. Bc2 c5 11. d4 Qc7 12. Nbd2 Be6 13. Nf1 Nc4 14. Ng3 Rfc8 15.
dxe5 dxe5 16. Nf5 Bf8 17. Nh2 a5 18. Qf3 a4 19. Bg5 Ne8 20. b3 Na3 21. Bd1 f6
22. Be3 axb3 23. axb3 Qf7 24. Ng4 Kh8 25. c4 bxc4 26. bxc4 Nxc4 27. Be2 Na3 28.
Rec1 c4 29. Bd2 Nb5 30. Rxa8 Rxa8 31. Qe3 Qc7 32. Bf1 g6 33. Nh4 Ra2 34. Qe1
Ba3 35. Ra1 Rxa1 36. Qxa1 c3 37. Bc1 Bxc1 38. Qxc1 Nd4 39. Ne3 Nd6 40. Bd3 Nxe4
41. Qa3 Nd6 0-1

[Event "BL 1213 Hamburger SK - Werder Bremen"]
[Site "?"]
[Date "2012.12.09"]
[Round "6.4"]
[White "Hansen, Sune Berg"]
[Black "Babula, Vlastimil"]
[Result "1/2-1/2"]
[WhiteElo "2566"]
[BlackElo "2585"]
[PlyCount "60"]
[EventDate "2012.??.??"]

1. d4 Nf6 2. c4 e6 3. Nf3 d5 4. g3 dxc4 5. Bg2 a6 6. O-O Nc6 7. Bg5 Be7 8. e3
Nd5 9. Bxe7 Ncxe7 10. Ne5 b5 11. b3 cxb3 12. Qxb3 O-O 13. Rc1 Bb7 14. Nd2 Ra7
15. Rc2 Ba8 16. Rac1 h6 17. e4 Nb6 18. Qe3 Qd6 19. Nb3 Rd8 20. Qe2 Nd7 21. Rd2
Qb6 22. Ng4 b4 23. d5 exd5 24. exd5 Nf5 25. Rc6 Qb5 26. Qf3 Re8 27. Rc1 Nd6 28.
Nd4 Qb8 29. Qf4 Nf8 30. Ne5 Qb6 1/2-1/2

[Event "BL 1213 Hamburger SK - Werder Bremen"]
[Site "?"]
[Date "2012.12.09"]
[Round "6.7"]
[White "Joachim, Sven"]
[Black "Sebastian, Dirk"]
[Result "0-1"]
[WhiteElo "2436"]
[BlackElo "2445"]
[PlyCount "84"]
[EventDate "2012.??.??"]

1. c4 g6 2. d4 Bg7 3. e4 d6 4. Nf3 Nc6 5. d5 Nb8 6. h3 e6 7. Nc3 Nd7 8. Bd2 Ne7
9. Bd3 O-O 10. O-O exd5 11. exd5 c6 12. dxc6 bxc6 13. Re1 Ne5 14. Bf4 Rb8 15.
Rb1 Nxd3 16. Qxd3 Bf5 17. Qxd6 Bxb1 18. Qxb8 Qxb8 19. Bxb8 Rxb8 20. Nxb1 Rxb2
21. Rxe7 Rxb1+ 22. Kh2 Bf8 23. Rd7 Bc5 24. Ng5 Bxf2 25. Nxf7 Be3 26. g4 Rb2+
27. Kg3 Rxa2 28. Nd8 Rd2 29. Rxd2 Bxd2 30. Nxc6 a5 31. Nd4 a4 32. c5 Kf7 33. c6
Ke7 34. Nb5 Bb4 35. Kf4 a3 36. c7 Kd7 37. Nxa3 Bxa3 38. Kg5 Bc1+ 39. Kf6 g5 40.
Kg7 Bd2 41. Kxh7 Be1 42. Kg6 Bh4 0-1

[Event "BL 1213 Hamburger SK - Werder Bremen"]
[Site "?"]
[Date "2012.12.09"]
[Round "6.8"]
[White "Van Delft, Merijn"]
[Black "Mueller, Oliver"]
[Result "1-0"]
[WhiteElo "2395"]
[BlackElo "2306"]
[PlyCount "115"]
[EventDate "2012.??.??"]

1. e4 c5 2. Nf3 Nc6 3. d4 cxd4 4. Nxd4 g6 5. c4 Bg7 6. Be3 Nf6 7. Nc3 d6 8. Be2
O-O 9. O-O Bd7 10. Qd2 Nxd4 11. Bxd4 Bc6 12. f3 Nd7 13. Be3 a5 14. b3 Nc5 15.
Rfc1 Qb6 16. Rab1 Rfc8 17. Rc2 Qd8 18. Bf1 b6 19. Kh1 Be5 20. Ne2 e6 21. Rd1
Qh4 22. g3 Qe7 23. Bg2 Rd8 24. Bd4 Bxd4 25. Nxd4 Bb7 26. Qe3 Rd7 27. Rcd2 Rad8
28. Kg1 Qf8 29. Bh3 Qe7 30. a3 f5 31. b4 axb4 32. axb4 Na6 33. Qb3 d5 34. cxd5
exd5 35. exf5 gxf5 36. Bxf5 Rd6 37. Re2 Qf6 38. Bh3 Bc8 39. Bf1 Nc7 40. Red2
Kh8 41. Qb2 Ba6 42. Bxa6 Nxa6 43. Nf5 Qxb2 44. Rxb2 Rf6 45. Nd4 Rc8 46. b5 Nc5
47. Re2 Na4 48. Re7 Kg8 49. g4 Nc3 50. Rd3 Rc5 51. Nf5 h5 52. h3 hxg4 53. hxg4
Nxb5 54. Rd7 Nc7 55. Re3 Kf8 56. Ree7 Ne6 57. Rh7 Rg6 58. Rdf7+ 1-0

[Event "BL 1213 SK Norderstedt - Turm Emsdetten"]
[Site "?"]
[Date "2012.12.09"]
[Round "6.1"]
[White "Giri, Anish"]
[Black "Kopylov, Mihail"]
[Result "1-0"]
[WhiteElo "2730"]
[BlackElo "2473"]
[PlyCount "161"]
[EventDate "2012.??.??"]

1. Nf3 d5 2. d4 e6 3. c4 c5 4. cxd5 exd5 5. g3 Nc6 6. Bg2 Nf6 7. O-O Be7 8. Nc3
O-O 9. dxc5 Bxc5 10. a3 Ne4 11. Nxd5 Be6 12. Nc3 Nxc3 13. bxc3 Qxd1 14. Rxd1
Rfd8 15. Bf4 Rxd1+ 16. Rxd1 Bxa3 17. Nd4 Rd8 18. Bxc6 bxc6 19. Ra1 Bc5 20. Nxc6
Rc8 21. Nd4 Bc4 22. e4 Bd3 23. f3 Bb6 24. Bd2 h5 25. Kf2 g6 26. h3 Kf8 27. g4
hxg4 28. hxg4 Rc5 29. Rh1 Kg7 30. g5 Kf8 31. Kg3 Bc7+ 32. Kg4 Ba6 33. Rh8+ Ke7
34. Nc2 Be5 35. Ra8 Bc8+ 36. Kh4 a5 37. Ne3 Be6 38. c4 Bf4 39. Nd5+ Bxd5 40.
Ra7+ Ke8 41. Bxf4 Bxc4 42. Bd6 Rb5 43. Kg4 Bb3 44. Be7 a4 45. Bf6 Rb8 46. Kg3
Rc8 47. Kf4 Rb8 48. Ke5 Rb6 49. Re7+ Kf8 50. Rd7 Rb8 51. Rd2 Re8+ 52. Kd6 a3
53. Rh2 Re6+ 54. Kd7 Rxf6 55. gxf6 Kg8 56. f4 a2 57. Rh1 Bc2 58. Ra1 Bb3 59.
Kd6 Kh7 60. Rh1+ Kg8 61. Kc5 Bc2 62. Ra1 Bb3 63. Kb4 Be6 64. Rh1 Bg4 65. Kc3
Bf3 66. Ra1 Bxe4 67. Rxa2 Bf3 68. Rh2 Bh5 69. Kd4 Kh7 70. Rg2 Bf3 71. Rg5 Kh6
72. Ke3 Bd1 73. Kf2 Bb3 74. Ke3 Bc4 75. Kd4 Bb3 76. Ke5 Bc4 77. Kd6 Bb3 78. Ke7
Bc4 79. Rc5 Bb3 80. Rc3 Be6 81. Re3 1-0

[Event "BL 1213 SK Norderstedt - Turm Emsdetten"]
[Site "?"]
[Date "2012.12.09"]
[Round "6.3"]
[White "Ipatov, Alexander"]
[Black "Meyer, Falko"]
[Result "1-0"]
[WhiteElo "2591"]
[BlackElo "2259"]
[PlyCount "121"]
[EventDate "2012.??.??"]

1. d4 d5 2. Nf3 Nf6 3. c4 c6 4. Nc3 a6 5. g3 dxc4 6. Bg2 b5 7. Ne5 Bb7 8. a4
Ra7 9. O-O b4 10. Ne4 c5 11. Nxc5 Bxg2 12. Kxg2 e6 13. f3 Bxc5 14. dxc5 Qd5 15.
Bf4 O-O 16. Rc1 g5 17. Qxd5 Nxd5 18. Bd2 c3 19. bxc3 bxc3 20. Bxc3 Ne3+ 21. Kf2
Nxf1 22. Kxf1 f6 23. Ng4 Kg7 24. Rd1 Rc7 25. Ba5 Rc6 26. Nf2 Rf7 27. Ne4 Kg6
28. Bb6 Rd7 29. Nd6 a5 30. Rb1 Na6 31. Rb5 Rxb6 32. Rxb6 Nxc5 33. Nc4 Rd4 34.
Nxa5 Rxa4 35. Rb5 Nd7 36. Kf2 Ne5 37. Nb3 Ra6 38. Nc5 Rc6 39. h3 h5 40. f4 Nf7
41. Nxe6 Nd6 42. Nd4 gxf4 43. gxf4 Rc3 44. Rb3 Ne4+ 45. Kg2 Rxb3 46. Nxb3 f5
47. Nd4 Kf6 48. Nf3 Nc3 49. Kf2 Kg6 50. Nh4+ Kf6 51. Kf3 Ne4 52. Ke3 Nc3 53.
Ng2 Ne4 54. Kd4 Nf2 55. h4 Ne4 56. Ne1 Ng3 57. Kd3 Ke6 58. Nf3 Ke7 59. Nd2 Ke6
60. Ke3 Kd5 61. Kf3 1-0

[Event "BL 1213 SK Norderstedt - Turm Emsdetten"]
[Site "?"]
[Date "2012.12.09"]
[Round "6.4"]
[White "Polischuk, Viktor"]
[Black "Grandelius, Nils"]
[Result "0-1"]
[WhiteElo "2312"]
[BlackElo "2593"]
[PlyCount "80"]
[EventDate "2012.??.??"]

1. e4 c5 2. Nf3 e6 3. d4 cxd4 4. Nxd4 a6 5. Nc3 b5 6. Bd3 Qb6 7. Nf3 Qc7 8. O-O
Bb7 9. Re1 Be7 10. e5 f5 11. Bf4 Nh6 12. a4 b4 13. Nb1 Nf7 14. h4 O-O 15. Nbd2
Nc6 16. Qe2 Na5 17. Red1 g6 18. Bh2 h6 19. h5 g5 20. g4 fxg4 21. Nd4 Qc5 22. c3
bxc3 23. bxc3 Qxc3 24. Ne4 Qxd4 25. Nf6+ Kg7 26. Be4 Qc4 27. Qxc4 Nxc4 28. Bxb7
Ra7 29. Rxd7 Ncxe5 30. Rxe7 Kxf6 31. Rc7 Rb8 32. Bxe5+ Nxe5 33. Rb1 Nf7 34. Rd7
Nd8 35. Rbd1 Nxb7 36. Rh7 Raa8 37. Rxh6+ Kf5 38. Rd7 Nc5 39. Rf7+ Ke5 40. Rhh7
Rh8 0-1

[Event "BL 1213 SK Norderstedt - Turm Emsdetten"]
[Site "?"]
[Date "2012.12.09"]
[Round "6.5"]
[White "Yilmaz, Mustafa"]
[Black "Jochens, Arne"]
[Result "1-0"]
[WhiteElo "2545"]
[BlackElo "2298"]
[PlyCount "63"]
[EventDate "2012.??.??"]

1. c4 g6 2. Nc3 Bg7 3. g3 Nf6 4. Bg2 O-O 5. Nf3 d6 6. O-O a6 7. Rb1 Nc6 8. d3
e5 9. b4 h6 10. a4 Be6 11. b5 axb5 12. axb5 Ne7 13. Bb2 Qd7 14. d4 exd4 15.
Nxd4 Bxc4 16. Bxb7 Rab8 17. Bg2 Rb6 18. Qa4 Be6 19. Rfd1 Rfb8 20. Qa1 Bh3 21.
Bh1 Ng4 22. Qa7 Nf5 23. Bc6 Qc8 24. Nd5 Bxd4 25. Bxd4 Nxd4 26. Rxd4 Kh7 27. Re1
R6b7 28. Bxb7 Rxb7 29. Qa4 Qf5 30. f3 Ne5 31. Qa8 Rxb5 32. Ne7 1-0

[Event "BL 1213 SK Norderstedt - Turm Emsdetten"]
[Site "?"]
[Date "2012.12.09"]
[Round "6.6"]
[White "Michna, Christian"]
[Black "Pruijssers, Roeland"]
[Result "0-1"]
[WhiteElo "2279"]
[BlackElo "2519"]
[PlyCount "90"]
[EventDate "2012.??.??"]

1. e4 e5 2. Bc4 Nf6 3. d3 Nc6 4. Nc3 Na5 5. Qf3 d6 6. h3 Be7 7. Nge2 c6 8. a4
Nxc4 9. dxc4 O-O 10. O-O Ne8 11. g4 g6 12. Ng3 Ng7 13. Bh6 Bg5 14. Bxg7 Kxg7
15. Rad1 Qe7 16. Rd3 Be6 17. b3 Rad8 18. Rfd1 Qc7 19. Kh1 Kh8 20. Rg1 Rg8 21.
Rgd1 a6 22. Qe2 Qe7 23. Nf1 Qf8 24. Ne3 Be7 25. Qf3 Qh6 26. Rg1 Qh4 27. Ng2 Qg5
28. Qe3 Qf6 29. Ne1 Qg7 30. Qb6 Rd7 31. Nd5 Bd8 32. Qe3 Qf8 33. Nc3 f5 34. f3
h5 35. gxh5 Rh7 36. f4 Rxh5 37. Qd2 fxe4 38. Nxe4 exf4 39. Rxd6 Bxh3 40. Qd4+
Kh7 41. Rg2 Bxg2+ 42. Kxg2 Qf5 43. Rxd8 Qg4+ 44. Kf2 Rh2+ 45. Kf1 Qh3+ 0-1

[Event "BL 1213 SK Norderstedt - Turm Emsdetten"]
[Site "?"]
[Date "2012.12.09"]
[Round "6.7"]
[White "Hector, Jonny"]
[Black "Kahlert, Thomas"]
[Result "1-0"]
[WhiteElo "2539"]
[BlackElo "2230"]
[PlyCount "79"]
[EventDate "2012.??.??"]

1. e4 e5 2. Nf3 Nc6 3. Bc4 Nf6 4. Qe2 Be7 5. d4 d6 6. dxe5 Nxe5 7. Nxe5 dxe5 8.
O-O c6 9. Nd2 O-O 10. a4 a5 11. Ba2 Qc7 12. Nc4 Be6 13. f4 exf4 14. Bxf4 Bxc4
15. Bxc4 Bd6 16. e5 Bc5+ 17. Kh1 Nd5 18. Bg3 Qe7 19. Bd3 Qe6 20. Qe4 g6 21.
Rae1 Rae8 22. Qh4 h5 23. Qg5 Kg7 24. h3 Be7 25. Qd2 Rd8 26. Bc4 h4 27. Bf4 Rh8
28. Bh2 Bb4 29. c3 Be7 30. Rf3 Rh5 31. Ref1 Rf8 32. Qf2 Rxe5 33. Bxe5+ Qxe5 34.
Rxf7+ Rxf7 35. Qxf7+ Kh6 36. Bd3 Qg5 37. Qf3 Bd6 38. Qg4 Qxg4 39. hxg4 Ne3 40.
Rf6 1-0

[Event "BL 1213 SK Norderstedt - Turm Emsdetten"]
[Site "?"]
[Date "2012.12.09"]
[Round "6.8"]
[White "Kues, Hendrik"]
[Black "Burg, Twan"]
[Result "0-1"]
[WhiteElo "2134"]
[BlackElo "2502"]
[PlyCount "62"]
[EventDate "2012.??.??"]

1. d4 d5 2. Bf4 Nf6 3. e3 c5 4. Nc3 e6 5. Nb5 Na6 6. c3 Be7 7. Nf3 O-O 8. Be2
Bd7 9. dxc5 Nxc5 10. Bc7 Qc8 11. Bg3 Nfe4 12. O-O a6 13. Nbd4 Nxg3 14. hxg3 Qc7
15. Rc1 b5 16. Re1 Rfd8 17. Bf1 Rab8 18. Nb3 Ne4 19. Nfd2 f5 20. Nxe4 fxe4 21.
Re2 Rf8 22. Rd2 Qe5 23. Be2 Rf6 24. Bg4 Rbf8 25. Rcc2 Bc8 26. Nd4 Bd6 27. b3 h5
28. Bxh5 Rh6 29. Bg4 Rxf2 30. Rxf2 Qxg3 31. Rf3 Rh1+ 0-1

[Event "BL 1213 SC Eppingen - SG Solingen"]
[Site "?"]
[Date "2012.12.09"]
[Round "6.1"]
[White "Ragger, Markus"]
[Black "Harikrishna, Pentala"]
[Result "1/2-1/2"]
[WhiteElo "2655"]
[BlackElo "2688"]
[PlyCount "138"]
[EventDate "2012.??.??"]

1. Nf3 Nf6 2. c4 e6 3. Nc3 Bb4 4. g3 b6 5. Bg2 Bb7 6. O-O O-O 7. Qb3 c5 8. a3
Bxc3 9. Qxc3 d5 10. b4 Nbd7 11. d3 Rc8 12. Qb2 Ba8 13. Bd2 Re8 14. e3 dxc4 15.
dxc4 Ne4 16. Rfd1 Nxd2 17. Rxd2 Qc7 18. b5 Bxf3 19. Bxf3 Ne5 20. Be2 Rcd8 21.
Rad1 f6 22. a4 Nf7 23. a5 Rxd2 24. Rxd2 Rd8 25. a6 Rxd2 26. Qxd2 Qd8 27. Qc2 f5
28. f4 Kf8 29. Kf2 Nd6 30. Qb2 Ne4+ 31. Kg2 Kf7 32. Bf3 Qd3 33. Qe2 Qxe2+ 34.
Bxe2 Kf6 35. Bd3 Nd6 36. h4 g6 37. Kf2 e5 38. Kg2 h6 39. Kf1 g5 40. hxg5+ hxg5
41. Kg2 Nf7 42. Be2 Nd8 43. Bf3 exf4 44. gxf4 Ne6 45. Bd5 Ng7 46. Bc6 Ne6 47.
Bd5 Nf8 48. Kf3 Ng6 49. Kg3 Ne7 50. Bb7 Kg6 51. Bc6 Nc8 52. Bb7 Nd6 53. Bd5 Kh6
54. Kg2 Ne8 55. Kg3 Nf6 56. Bf3 Kg6 57. Kg2 Ne8 58. Bd5 Nc7 59. Bc6 gxf4 60.
exf4 Ne6 61. Kg3 Nd4 62. Bf3 Kh6 63. Kf2 Ne6 64. Kg3 Ng7 65. Kf2 Ne8 66. Kg3
Nd6 67. Be2 Ne4+ 68. Kg2 Kg6 69. Bf3 Nd6 1/2-1/2

[Event "BL 1213 SC Eppingen - SG Solingen"]
[Site "?"]
[Date "2012.12.09"]
[Round "6.2"]
[White "Berkes, Ferenc"]
[Black "Stellwagen, Daniel"]
[Result "1/2-1/2"]
[WhiteElo "2679"]
[BlackElo "2622"]
[PlyCount "106"]
[EventDate "2012.??.??"]

1. d4 Nf6 2. c4 g6 3. Nf3 Bg7 4. g3 O-O 5. Bg2 c6 6. Nc3 d5 7. cxd5 cxd5 8. Ne5
e6 9. O-O Nfd7 10. f4 Nc6 11. Be3 Nb6 12. Bf2 Ne7 13. e4 dxe4 14. Nxe4 Nbd5 15.
Rc1 b6 16. Qb3 Bb7 17. Qa3 Nf5 18. Rfe1 Re8 19. Nc3 Qe7 20. Nb5 Qxa3 21. bxa3
Red8 22. g4 Nfe7 23. Bh4 f6 24. Nc7 Rac8 25. Nxe6 Rxc1 26. Rxc1 Rc8 27. Nd3
Rxc1+ 28. Nxc1 Bc8 29. Nxg7 Kxg7 30. g5 f5 31. Bg3 Ba6 32. Kf2 Kf7 33. Bf3 Ke6
34. h4 Nc6 35. h5 Nxd4 36. hxg6 hxg6 37. Bd1 Nc3 38. Ke3 Kd5 39. Bb3+ Nxb3 40.
axb3 Kc5 41. b4+ Kd5 42. Be1 Na4 43. Na2 Kc4 44. Nc1 Nc3 45. Nd3 Nd5+ 46. Kd2
Kd4 47. Ne5 Nxf4 48. Nc6+ Ke4 49. Nxa7 Nd3 50. b5 Bb7 51. Nc6 f4 52. Bh4 f3 53.
a4 Nb2 1/2-1/2